00685nab a2200193 i 4500001000400000003000400004005001700008008003900025040000800064080001200072100013700084245011500221260001000336500002600346650002500372773006600397942001300463999001500476BPPBPK20150312095435.0150312s1973 pl | | |000 ||pol cBPK a624.131 aMADEJ, Jerzy.d1976 - 1996.bWyższa Szkoła Inżynierska w Koszalinie - Instytut Budownictwa,cZakład Podłoża i Fundamentów aO zastosowaniu ETO w analizie stateczności zboczy wzdłuż walcowych powierzchni poślizgu /cJerzy Madej. c1973. aDane z kartoteki bpp. 0aMechanika gruntów. iW :tArchiwum Hydrotechniki. -gT. 20, 1973, nr 1, s. 103-119 cART2UKD c4017d4017